00319nam a2200109Ia 4500008004100000082000800041100001700049245002700066942000600093952009500099999001500194240331s9999 xx 000 0 und d bKRI aKrishnakumar 0aMuranbattai munvaithal cL 001040708LaWERCLbWERCLcSSCd2024-03-31l0o 370 KRIp6247r2024-03-31w2024-03-31yL c4747d4747